Electronic principles (Record no. 240887)

MARC details
000 -LEADER
fixed length control field 01991nam a22002417a 4500
005 - DATE AND TIME OF LATEST TRANSACTION
control field 20260213112009.0
008 - FIXED-LENGTH DATA ELEMENTS--GENERAL INFORMATION
fixed length control field 260211b |||||||| |||| 00| 0 eng d
020 ## - INTERNATIONAL STANDARD BOOK NUMBER
International Standard Book Number 9789354602399
040 ## - CATALOGING SOURCE
Transcribing agency AL
041 ## - LANGUAGE CODE
Language code of text/sound track or separate title English
082 ## - DEWEY DECIMAL CLASSIFICATION NUMBER
Classification number 621.381
Item number MALE
100 ## - MAIN ENTRY--PERSONAL NAME
Personal name Albert Malvino
100 ## - MAIN ENTRY--PERSONAL NAME
9 (RLIN) 254678
245 ## - TITLE STATEMENT
Title Electronic principles
250 ## - EDITION STATEMENT
Edition statement 9.
260 ## - PUBLICATION, DISTRIBUTION, ETC.
Place of publication, distribution, etc. Chennai
Name of publisher, distributor, etc. McGraw Hill Education(India) Private Limited
Date of publication, distribution, etc. 2021
300 ## - PHYSICAL DESCRIPTION
Extent xvii,1094p.
Other physical details PB
Dimensions 26x20cm
365 ## - TRADE PRICE
Price type code IN-1991
Price amount ₹720.05
Currency code
Unit of pricing ₹1099.00
Price effective from 27-01-2026
520 ## - SUMMARY, ETC.
Summary, etc. Electronic Principles continues its tradition as a clearly explained in-depth introduction to the electronic principles of semiconductor devices circuits and systems. Written in an easy-to-read conversational style semiconductor devices and circuits are explored including practical applications where they are found. Circuit operation and troubleshooting techniques are “brought to life” with Multisim circuit simulation files found on the associated Online Learning Center. Electronic Principles' subject matter includes updated semiconductor devices and systems including emerging wide bandgap power FETs and an introduction to Industry 4.0. Salient Features: 1. New Chapter 23, “Industry 4.0,” introduces the concepts of the fourth industrial revolution. 2. Extensive coverage of sensors and data conversion, with examples linking semiconductor devices and circuits covered in previous chapters, acts as a capstone chapter that ties the whole textbook together. 3. Expanded material on Multistage Amplifier Troubleshooting using signal tracing and split-half troubleshooting techniques. 4. Listing of correlated lab experiments at the end of each chapter. Much effort has been applied to having the textbook and experiments manual work together as a unified knowledge and performance competency package.
650 ## - SUBJECT ADDED ENTRY--TOPICAL TERM
Topical term or geographic name entry element Electronics
9 (RLIN) 254471
700 ## - ADDED ENTRY--PERSONAL NAME
Personal name Bates, David J
9 (RLIN) 254472
700 ## - ADDED ENTRY--PERSONAL NAME
Personal name Hoppe, Patrick E
9 (RLIN) 254473
942 ## - ADDED ENTRY ELEMENTS (KOHA)
Source of classification or shelving scheme Dewey Decimal Classification
Koha item type Book
Holdings
Withdrawn status Lost status Source of classification or shelving scheme Damaged status Not for loan Collection code Home library Current library Date acquired Source of acquisition Cost, normal purchase price Total Checkouts Full call number Barcode Date last seen Cost, replacement price Price effective from Koha item type
    Dewey Decimal Classification     Electronics and Communication Engineering St Aloysius Engineering Library St Aloysius Engineering Library 02/10/2026 amazon.in 720.05   621.381 MALE SE000209 02/11/2026 1099.00 01/27/2026 Book
    Dewey Decimal Classification     Electronics and Communication Engineering St Aloysius Engineering Library St Aloysius Engineering Library 02/10/2026 amazon.in 720.05   621.381 MALE SE000210 02/11/2026 1099.00 01/27/2026 Book